| 000 | 00827nam a2200229Ia 4500 | ||
|---|---|---|---|
| 003 | OSt | ||
| 005 | 20211112135957.0 | ||
| 008 | 210310s1981 sp fr 000 0dund d | ||
| 020 | _a8436801466 | ||
| 040 |
_aCO-JMCR _cCO-JMCR |
||
| 041 | 0 | _aspa | |
| 082 | 0 | 4 |
_a338.9 / _bR934d _223 |
| 100 | 1 |
_aRuiz Bravo, Gumersindo, _918249 _eautor |
|
| 245 | 1 | 0 |
_aDesarrollo económico y bienestar humano / _cGumersindo Ruiz Bravo |
| 260 |
_aMadrid : _bEdiciones Pirámide, S.A., _c1981 |
||
| 300 |
_a239 páginas ; _c23 cm. |
||
| 500 | _aIncluye notas a pie de página y datos biográficos del autor. | ||
| 505 | 0 | _aMedición del desarrollo y bienestar -- Producir: por qué, cómo y para quién -- Realidad del desarrollo económico | |
| 650 | 1 | 4 |
_aDesarrollo económico _918251 |
| 650 | 2 | 4 |
_aCalidad de vida _911805 |
| 942 |
_2ddc _cBK |
||
| 999 |
_c8774 _d8774 |
||